| 000 | 02091cam a2200289 i 4500 | ||
|---|---|---|---|
| 999 |
_c5925 _d5925 |
||
| 001 | 890068290 | ||
| 003 | OCoLC | ||
| 005 | 20190111101737.0 | ||
| 008 | 150316s2016 ilu b 000 0 eng | ||
| 010 | _a2015010652 | ||
| 020 | _a9780830841226 (pbk. : alk. paper) | ||
| 020 | _a0830841229 (pbk. : alk. paper) | ||
| 035 |
_a(OCoLC)890068290 _z(OCoLC)945563660 |
||
| 040 |
_aDLC _beng _erda _cDLC _dYDXCP _dBTCTA _dOCLCF _dBCT _dSTU _dCIRBC _dWIO _dBDX |
||
| 042 | _apcc | ||
| 082 |
_a363.34 _bA864D |
||
| 092 |
_a363.34 _bA864D |
||
| 100 | 1 | _aAten, Jamie D | |
| 245 | 1 | 0 |
_aDisaster ministry handbook / _cJamie D. Aten and David M. Boan |
| 264 | 1 |
_aDowners Grove : _bInterVarsity Press, _cc2016 |
|
| 300 |
_a204 pages ; _c26 cm |
||
| 504 | _aIncludes bibliographical references | ||
| 520 | _aWhen disasters happen, people turn to local churches as centers for response and assistance. When floods or tornadoes devastate an area, or when shootings and violence shock a community, knowing what to do can be the difference between calm and chaos, courage and fear, life and death. But few churches plan in advance for what they should do -- until the storm hits. Don't get caught unprepared. If a natural disaster or human tragedy strikes your community, your church can minister to the hurting. Jamie Aten and David Boan, codirectors of the Humanitarian Disaster Institute, provide a practical guide for disaster preparedness. Disaster ministry is a critically important work of the church, preparing for the unthinkable, providing relief to survivors, caring for the vulnerable and helping communities recover. Filled with resources for emergency planning and crisis management, this book provides best practices for local congregations. By taking action in advance, your church can help prevent harm and save lives during a disaster. The time to plan is now. Be prepared | ||
| 650 | 0 | _aChurch work with disaster victims | |
| 776 | 0 | 8 |
_iOnline version: _aAten, Jamie D. _tDisaster ministry handbook _dDowners Grove : InterVarsity Press, [2015] _z9780830897681 _w(DLC) 2015012584 |
| 942 |
_2ddc _cBK |
||